000 00729nam a2200205Ii 4500
003 JO-AjNU
008 230605s9999||||xx |||||||||||||| ||und||
017 _a2009/1/161
040 _aJO-AjNU
_bara
_erda
_cJO-AjNU
041 _aara
050 1 4 _aLC4704.H35 2010
100 3 _aالحاج،محمود أحمد عبد الكريم,
_eauthor
_926170
245 0 0 _aالصعوبات التعليمية:الإعاقة الخفية المفهوم -التشخيص -العلاج
264 3 1 _aعمان:دار اليازوري،2010
300 _a227ص
336 _atext
_btxt
_2rdacontent
337 _aunmediated
_bn
_2rdamedia
338 _avolume
_bnc
_2rdacarrier
650 4 _aتربية خاصة-صعوبات التعلم
_926171
999 _aA9882
_c13450
_d13450